| 000 | 01293nam a2200337 i 4500 | ||
|---|---|---|---|
| 001 | 192100 | ||
| 003 | ES-MaACL | ||
| 005 | 20240201063038.0 | ||
| 008 | 221104b1987 sp 001 0 spa | ||
| 017 |
_aTF 1921-1987 _bOficina Depósito Legal Tenerife |
||
| 020 | _a8486733049 | ||
| 040 | _cES-MaACL | ||
| 080 | _a398.332(649) | ||
| 080 | _a39(649) | ||
| 100 | 1 |
_aGalván Tudela, Alberto. _953692 _eaut |
|
| 245 | 1 | 4 |
_aLas fiestas populares canarias / _cAlberto Galván Tudela ; prólogo de William A. Christian Jr. |
| 260 |
_aSanta Cruz de Tenerife : _bInterinsular : _bEdiciones Canarias, _c1987 |
||
| 300 |
_a204 páginas, [8] páginas de láminas (color) ; _c19 cm. |
||
| 490 | 1 |
_aBiblioteca canaria de ciencias sociales ; _v2 |
|
| 500 | _aÍndice | ||
| 504 | _aBibliografía: páginas 197-201 | ||
| 650 | 4 |
_aFiestas- _zCanarias. _9175716 |
|
| 651 | 4 |
_aCanarias- _xUsos y costumbres. _9152161 |
|
| 700 | 1 |
_9234916 _aChristian, William A., _d1944- _eaui |
|
| 830 | 0 |
_9234981 _aBiblioteca canaria de ciencias sociales ; _v2 |
|
| 852 | 4 |
_aES-MaACL _jN-8078 _hDonación: José Lázaro García _cDEPOJ _bR. 152494 _9199382 |
|
| 903 |
_9234219 _aLázaro García, José _ednr |
||
| 942 |
_cMONOGRAFIA _n0 |
||
| 999 |
_c192100 _d192100 |
||